| 000 | 00392nam a2200169Ia 4500 | ||
|---|---|---|---|
| 005 | 20250423095938.0 | ||
| 008 | 250422s9999 xx 000 0 und d | ||
| 020 | _a9783614215 | ||
| 050 | _aKP 105 .B3/ | ||
| 100 | _aBabatunde,Layi. | ||
| 245 | 0 | _aLand documentation Litigation in nigeria. | |
| 260 | _aLagos | ||
| 260 | _bLawbreed | ||
| 260 | _c2002 | ||
| 300 | _a1037 p | ||
| 942 | _cBK | ||
| 999 |
_c31813 _d31813 |
||